सुब्रह्मण्य भारती की राष्ट्रीय कविताएँ एवं 'पांचाली शपथम्'/ (Record no. 10896)
[ view plain ]
| 000 -LEADER | |
|---|---|
| fixed length control field | 01486 a2200217 4500 |
| 005 - DATE AND TIME OF LATEST TRANSACTION | |
| control field | 20080829115732.0 |
| 008 - FIXED-LENGTH DATA ELEMENTS--GENERAL INFORMATION | |
| fixed length control field | 080829t xxu||||| |||| 00| 0 hin d |
| 010 ## - LIBRARY OF CONGRESS CONTROL NUMBER | |
| LC control number | HIN-82686 |
| 020 ## - INTERNATIONAL STANDARD BOOK NUMBER | |
| International Standard Book Number | 8188913138 |
| Terms of availability | 240.00 |
| 035 ## - SYSTEM CONTROL NUMBER | |
| System control number | HN-55032 |
| 037 ## - SOURCE OF ACQUISITION | |
| Source of stock number/acquisition | पु.प्र.अ.प्र / प्रका. |
| 082 ## - DEWEY DECIMAL CLASSIFICATION NUMBER | |
| Classification number | 821.08 |
| 245 ## - TITLE STATEMENT | |
| Title | सुब्रह्मण्य भारती की राष्ट्रीय कविताएँ एवं 'पांचाली शपथम्'/ |
| Statement of responsibility, etc | नागेश्वरम् सुंदरम् एवं विश्वनाथ सिंह 'विश्वासी' |
| 246 ## - VARYING FORM OF TITLE | |
| Title proper/short title | Subramany Bharti kee Rashtriya Kavitaya avam 'Panchali Shapatham' |
| Remainder of title | Nageshwar Sundram and Vishvanath Singh ' Vishwasi ' |
| 260 ## - PUBLICATION, DISTRIBUTION, ETC. (IMPRINT) | |
| Place of publication, distribution, etc | दिल्ली |
| Name of publisher, distributor, etc | ग्रंथ सदन |
| Date of publication, distribution, etc | 2007 |
| 270 ## - ADDRESS | |
| Address | 27/109ए/3 (भूतल) शंकर गली के सामने मेन पांडव रोड,ज्वाला नगर,शाहदरा |
| City | दिल्ली |
| Postal code | 110032 |
| 300 ## - PHYSICAL DESCRIPTION | |
| Extent | 191पृ |
| Dimensions | 22 सेमी(सजिल्द) |
| 700 ## - ADDED ENTRY--PERSONAL NAME | |
| Personal name | विश्वनाथ सिंह 'विश्वासी' |
| 942 ## - ADDED ENTRY ELEMENTS (KOHA) | |
| Institution code [OBSOLETE] | dpl |
| Koha item type | Hindi Books |
| Call number prefix | 821.08 / सुब्रह्म |
| Source of classification or shelving scheme | Dewey Decimal Classification |
| Classification part | 821.08 |
| Call number suffix | सुब्रह्म |
| Withdrawn status | Lost status | Damaged status | Not for loan | Home library | Current library | Date acquired | Cost, normal purchase price | Total Checkouts | Full call number | Barcode | Date last seen | Copy number | Uniform Resource Identifier | Cost, replacement price | Price effective from | Koha item type |
|---|---|---|---|---|---|---|---|---|---|---|---|---|---|---|---|---|
| D.B.Act.Division | D.B.Act.Division | 240.00 | 821.08 सुब्रह्म | HN-55032 | 15/09/2008 | 1 | 11996 | 240.00 | 15/09/2008 | Hindi Books |
